Conjugaison 1er groupe italien - Statistiques

Statistiques générales
  • Ce quiz a été pris 89 fois
  • Le résultat moyen est 20 sur 54
Statistiques - réponses
Verbe % Correct
parler parlare
100%
io parlo
98%
lui, egli, esso, lei, essa, ella parla
97%
noi parliamo
97%
tu parli
94%
voi parlate
90%
loro, essi, esse parlano
87%
io parlavo
52%
lui, egli, esso, lei, essa, ella parlava
50%
tu parlavi
50%
loro, essi, esse parlavano
48%
voi parlavate
48%
noi parlavamo
47%
io parlerò
47%
lui, egli, esso, lei, essa, ella parlerà
45%
tu parlerai
44%
loro, essi, esse parleranno
42%
voi parlerete
39%
tu parla
37%
voi parlate
35%
9 Participe passé parlato
35%
noi parleremo
35%
1 Imparfait 1
32%
8 Gérondif parlando
32%
2 Futur 2
26%
io parlerei
26%
noi parleremmo
26%
io parli
24%
tu parli
24%
lui, egli, esso, lei, essa, ella parlerebbe
23%
tu parleresti
23%
lui, egli, esso, lei, essa, ella parli
23%
noi parliamo
23%
lui, egli, esso, lei, essa, ella parlò
23%
3 Passé simple 3
21%
5 Subjonctif présent 5
21%
voi parlereste
21%
voi parliate
21%
loro, essi, esse parlino
21%
4 Impératif 4
19%
6 Subjonctif imparfait 6
19%
7 Conditionnel 7
19%
io parlai
19%
loro, essi, esse parlarono
19%
tu parlasti
19%
loro, essi, esse parlerebbero
19%
noi parlammo
18%
lui, egli, esso, lei, essa, ella parlasse
18%
io parlassi
18%
tu parlassi
18%
voi parlaste
18%
loro, essi, esse parlassero
15%
noi parlassimo
13%
voi parlaste
11%
Aucun quiz correspondant
Distribution des résultats
% des personnes avec chaque résultat
Percentile par nombre de réponses
Votre historique - résultats
Vous n’avez pas pris ce quiz